00688nam a2200181 a 4500003000200000005001700002008004100019050002800060100003600088245011200124260009300236300004000329504004100369650002000410650002400430650002400454650002800478020250225110550.0111114s19uu xx 00 eng d aPGS LB 1131b.C117 2011 aCabral, Angelica Joy de Guzman. aLevel of motivation of reading skills assessment of SISC grade 6 students /cAngelica Joy de Guzman Cabral. aLas Piñas City, Philippines : bSouthville International School and Colleges, c2011. a30 pages :billustrations ;c28 cm. aIncludes bibliographical references. aReading skills. aReading motivation. aStudent motivation. aEducational assessment.